The constitution of our country / (Record no. 4288)
[ view plain ]
| 000 -LEADER | |
|---|---|
| fixed length control field | 00924cam a22002771i 4500 |
| 001 - CONTROL NUMBER | |
| control field | 4288 |
| 003 - CONTROL NUMBER IDENTIFIER | |
| rucl marc code | BD-RjUL |
| 005 - DATE AND TIME OF LATEST TRANSACTION | |
| control field | 20211208233851.0 |
| 008 - FIXED-LENGTH DATA ELEMENTS--GENERAL INFORMATION | |
| fixed length control field | 131222s1954 nyuac 001 0 eng d |
| 035 ## - SYSTEM CONTROL NUMBER | |
| System control number | (BD-RjUL)4323 |
| System control number | (OCoLC)3565401 |
| 040 ## - CATALOGING SOURCE | |
| Original cataloging agency | DLC |
| Transcribing agency | DNIE |
| Modifying agency | DLC |
| -- | BD-RjUL |
| Language of cataloging | eng |
| 041 ## - LANGUAGE CODE | |
| Language code of text/sound track or separate title | eng |
| 082 00 - DEWEY DECIMAL CLASSIFICATION NUMBER | |
| Edition number | 23 |
| Classification number | 306.0973 |
| Author mark and year | REC 1954 |
| 100 1# - MAIN ENTRY--PERSONAL NAME | |
| Personal name | Rexford, Frank A. |
| Fuller form of name | (Frank Adison), |
| Dates associated with a name | 1876-1941. |
| 9 (RLIN) | 13585 |
| 245 14 - TITLE STATEMENT | |
| Title | The constitution of our country / |
| Statement of responsibility, etc. | by Frank A. Rexford and Clara L. Carson. |
| 260 ## - PUBLICATION, DISTRIBUTION, ETC. (IMPRINT) | |
| Place of publication, distribution, etc. | New York : |
| Name of publisher, distributor, etc. | American Book, |
| Date of publication, distribution, etc. | 1954. |
| 300 ## - PHYSICAL DESCRIPTION | |
| Pagination | xviii, 190 p. : |
| Illustrations | ill., ports. |
| Size | 18 cm. |
| 504 ## - BIBLIOGRAPHY, ETC. NOTE | |
| Bibliography, etc | Includes index. |
| 651 #0 - SUBJECT ADDED ENTRY--GEOGRAPHIC NAME | |
| Geographic name | United States |
| General subdivision | Constitution. |
| 9 (RLIN) | 13586 |
| Geographic name | United States |
| General subdivision | Politics and government |
| Form subdivision | Handbooks, manuals, etc. |
| 9 (RLIN) | 13587 |
| 700 1# - ADDED ENTRY--PERSONAL NAME | |
| Personal name | Carson, Clara Louise, |
| Dates associated with a name | 1885- |
| Relator term | joint author. |
| 942 ## - ADDED ENTRY ELEMENTS (KOHA) | |
| Source of classification or shelving scheme | Dewey Decimal Classification |
| Koha item type | Books |
| Lost status | Source of classification or shelving scheme | Damaged status | Not for loan | Collection code | Permanent Location | Current Location | Shelving location | Date acquired | Source of acquisition | Total Checkouts | Full call number | Date last seen | Copy number | Koha item type |
|---|---|---|---|---|---|---|---|---|---|---|---|---|---|---|
| Dewey Decimal Classification | Not For Loan | Non-fiction | Central Library, University of Rajshahi | Central Library, University of Rajshahi | Reading Room | 26/09/1956 | U.S.I.S. Gift | 306.0973 REC 1954 | 22/12/2013 | C-1 | Books |